000 00384nam a22001577a 4500
005 20200528134524.0
008 200528b xxu||||| |||| 00| 0 eng d
041 _aeng
082 _a340
100 _aBARE ACT
_95744
245 _aTHE DANGEROUS MACHINES ACT, 1983 (35-1983)
260 _aDELHI
_bPROFESSIONAL BOOK PUBLISHERS
300 _a42;p
650 _aLAW
_95701
942 _cBK
999 _c6587
_d6585